000 00622nam a2200229Ia 4500
003 OSt
005 20220918231047.0
006 a|||||r|||| 00| 0
007 ta
008 220917b |||||||| |||| 00| 0 eng d
024 _a262,837
037 _cTextual
040 _aARTS
_cARTS
_beng
041 _2eng
_aeng
082 _aa12,335x, 111L6
100 _aMahalingam T. V. Ed.
_9153721
245 0 _aMackenzie manuscripts
260 _aMadras
_bUniversity of Madras India
_c1976
300 _a513p.
_ccm.
942 _ha12,335x, 111L6
_cTEXL
_2CC
999 _c289696
_d289696